000 00555nam a2200217Ia 4500
003 OSt
005 20240808140903.0
008 210210b1990 xxu||||| |||| 00| 0 eng d
040 _cAL
041 _aEng
082 _a809.88914 SAHS
100 _aSAHITYA AKADEMI.
_9175846
245 _aSankara Kurup G: Makers of Indian literature
260 _aN D
_bSahitya Akademi
_c1990
300 _a91
650 _aSankara Kurup
_9175847
690 _aIndian Literature
_9175848
700 _aM Leelavathi.
_9175849
906 _a053662
942 _2ddc
_cBK
999 _c101626
_d101626